[Event "Cattolica Halloween op"]
[Site "Cattolica"]
[Date "2021.11.01"]
[Round "9"]
[White "Patrignani, Tiziano"]
[Black "Mirimanian, Hayk"]
[Result "1-0"]
[WhiteElo "2104"]
[BlackElo "2248"]
[PlyCount "91"]
[EventDate "2021.10.27"]
[EventType "swiss"]
[EventRounds "9"]
[EventCountry "ITA"]
[SourceTitle "CBM 204 Extra"]
[Source "ChessBase"]
[SourceDate "2021.11.30"]
[SourceVersion "1"]
[SourceVersionDate "2021.11.30"]
[SourceQuality "1"]

1. d4 Nf6 2. c4 e6 3. Nf3 d5 4. g3 dxc4 5. Bg2 Bb4+ 6. Bd2 a5 7. 0-0 0-0 8. Bg5 b5 9. Ne5 Ra6 10. a4 c6 11. Nc3 Rb6 12. e3 h6 13. Bxf6 Qxf6 14. g4 Qd8 15. f4 f5 16. g5 hxg5 17. Qh5 Qe8 18. Ng6 Rf6 19. Qh8+ Kf7 20. Ne5+ Ke7 21. Qxg7+ Rf7 22. Qxg5+ Rf6 23. Rf3 Nd7 24. Rh3 Kd6 25. Rh7 Rf8 26. Rg7 Nf6 27. axb5 cxb5 28. Na4 Rb8 29. Nc5 Bd2 30. Kf2 Qh5 31. Qxh5 Nxh5 32. Rg6 Nf6 33. h4 Bb4 34. Bf3 a4 35. Nc6 c3 36. Nxb4 cxb2 37. Rb1 a3 38. h5 Kc7 39. Ke2 Kb6 40. Kd2 Bb7 41. Nxb7 Rxb7 42. Bxb7 Ka5 43. Kc3 Ka4 44. Rg7 Nxh5 45. Rc7 Ng3 46. Bf3 1-0

[Event "Olbia CIG U16 24th"]
[Site "Olbia"]
[Date "2016.07.02"]
[Round "9"]
[White "Patrignani, Tiziano"]
[Black "Scarsella, Lorenzo Luigi"]
[Result "0-1"]
[WhiteElo "1894"]
[BlackElo "2075"]
[PlyCount "120"]
[EventDate "2016.06.26"]
[EventType "swiss"]
[EventRounds "9"]
[EventCountry "ITA"]
[SourceTitle "EXT 2024"]
[Source "ChessBase"]
[SourceDate "2023.10.10"]
[SourceVersion "1"]
[SourceVersionDate "2023.10.10"]
[SourceQuality "1"]

1. d4 d6 2. c4 Nf6 3. Nc3 g6 4. Nf3 Bg7 5. g3 c6 6. Bg2 Nbd7 7. 0-0 0-0 8. e4 e5 9. h3 exd4 10. Nxd4 Re8 11. Be3 Nc5 12. Qc2 a5 13. Rad1 Qe7 14. Rfe1 Nfd7 15. f4 Nf8 16. f5 Be5 17. g4 Nfd7 18. g5 f6 19. h4 Bg3 20. gxf6 Nxf6 21. Bf2 Be5 22. Bf3 Kh8 23. Kh1 Rg8 24. Rg1 Bd7 25. Qe2 Qf7 26. Be3 Rae8 27. fxg6 Rxg6 28. Rxg6 Qxg6 29. Rg1 Qf7 30. Rg5 Ne6 31. Nxe6 Qxe6 32. Bg2 Rf8 33. Nd1 Be8 34. Bf3 Qh3+ 35. Kg1 Qxh4 36. Qg2 Bd7 37. Bf2 Qh6 38. Be3 Qh3 39. b3 Qh4 40. Bf2 Qh3 41. Be3 Qxg2+ 42. Rxg2 Bh3 43. Rf2 Bg3 44. Bg2 Bxf2+ 45. Nxf2 Bxg2 46. Kxg2 Nd7 47. Bd4+ Kg8 48. Ng4 h5 49. Nh6+ Kh7 50. Nf5 d5 51. cxd5 cxd5 52. Kf3 Kg6 53. Ke3 dxe4 54. Nd6 b6 55. Nxe4 h4 56. Nf2 Kg5 57. Ke2 Kh5 58. Bg7 Rf4 59. Bc3 Nc5 60. Bd2 Rxf2+ 0-1

[Event "Olbia CIG U16 24th"]
[Site "Olbia"]
[Date "2016.06.27"]
[Round "3"]
[White "Patrignani, Tiziano"]
[Black "Landi, Alberto"]
[Result "0-1"]
[WhiteElo "1894"]
[BlackElo "2035"]
[PlyCount "42"]
[EventDate "2016.06.26"]
[EventType "swiss"]
[EventRounds "9"]
[EventCountry "ITA"]
[SourceTitle "EXT 2024"]
[Source "ChessBase"]
[SourceDate "2023.10.10"]
[SourceVersion "1"]
[SourceVersionDate "2023.10.10"]
[SourceQuality "1"]

1. d4 d5 2. c4 e6 3. Nf3 Nf6 4. g3 dxc4 5. Bg2 Nc6 6. 0-0 Rb8 7. Ne5 Nxe5 8. dxe5 Nd7 9. Qa4 a6 10. Rd1 b5 11. Qa5 Bc5 12. Bc6 Rb6 13. Bxd7+ Bxd7 14. a4 Qc8 15. axb5 axb5 16. Nd2 Bc6 17. Nxc4 Rb8 18. Na3 Qb7 19. Qc3 Bh1 20. e4 Qxe4 21. Kf1 Qg2+ 0-1

[Event "Omegna op 1st"]
[Site "Omegna"]
[Date "2013.07.05"]
[Round "3"]
[White "Patrignani, Tiziano"]
[Black "Buzio, Alberto"]
[Result "0-1"]
[WhiteElo "1542"]
[BlackElo "1863"]
[PlyCount "108"]
[EventDate "2013.07.04"]
[EventType "swiss"]
[EventRounds "6"]
[EventCountry "ITA"]
[SourceTitle "EXT 2014"]
[Source "ChessBase"]
[SourceDate "2013.11.20"]
[SourceVersion "1"]
[SourceVersionDate "2013.11.20"]
[SourceQuality "1"]

1. d4 Nf6 2. c4 e6 3. Nf3 b6 4. Nc3 Bb7 5. Bf4 Ne4 6. Qc2 Bb4 7. a3 Bxc3+ 8. bxc3 0-0 9. e3 d6 10. Bd3 f5 11. 0-0 h6 12. Rfd1 Nd7 13. Nd2 Nxd2 14. Rxd2 g5 15. Bg3 f4 16. Bh7+ Kh8 17. exf4 gxf4 18. Bg8 Rxg8 19. Bxf4 Bxg2 20. Bg3 Bh3 21. Qd1 Qf6 22. Rd3 Raf8 23. Ra2 Bg4 24. Qd2 h5 25. Bh4 Bf3+ 26. Kf1 Qf4 27. Re3 Qxh4 28. Rxf3 Qg5 29. Rxf8 Nxf8 30. Qb2 Ng6 31. Ke2 Nf4+ 32. Kd1 Qg1+ 33. Kc2 Qxf2+ 34. Kb3 Qf3 35. Qd2 Rg2 36. Qc1 Rxa2 37. Kxa2 Qf2+ 38. Kb3 Qxh2 39. Qe3 a5 40. a4 Qh4 41. c5 bxc5 42. dxc5 Qg5 43. cxd6 Qd5+ 44. Kb2 Qxd6 45. Qa7 Qb6+ 46. Qxb6 cxb6 47. Kb3 h4 48. Kc4 h3 49. Kb5 h2 50. Kxb6 h1Q 51. Kxa5 Qb1 52. c4 Nd3 53. c5 Nb2 54. c6 Nc4+ 0-1